Employment generation in African agriculture (Record no. 476615)

000 -LEADER
fixed length control field 00451cam a22001337a 4500
008 - FIXED-LENGTH DATA ELEMENTS--GENERAL INFORMATION
fixed length control field 180718b1970 xxu||||| |||| 00| 0 eng d
082 ## - DEWEY DECIMAL CLASSIFICATION NUMBER
Classification number Z47x6 Ei23
100 ## - MAIN ENTRY--PERSONAL NAME
Personal name Eicher, Carl
245 ## - TITLE STATEMENT
Title Employment generation in African agriculture
Statement of responsibility, etc. by Carl Eicher and others
260 ## - PUBLICATION, DISTRIBUTION, ETC.
Place of publication, distribution, etc. Michingam
Name of publisher, distributor, etc. Michagan State Univ.
Date of publication, distribution, etc. 1970
300 ## - PHYSICAL DESCRIPTION
Extent 66p.
440 ## - SERIES STATEMENT/ADDED ENTRY--TITLE
Title (College of Agriculture and National Resources, research Report No.9)
650 ## - SUBJECT ADDED ENTRY--TOPICAL TERM
Topical term or geographic name entry element Farm Labour - Africa
Holdings
Withdrawn status Lost status Damaged status Not for loan Permanent Location Current Location Date acquired Full call number Barcode Date last seen Price effective from Koha item type
        Indian Institute of Public Administration Indian Institute of Public Administration 2018-08-04 Z47x6 Ei23 GR9121 2018-08-04 2018-08-04 GR

Powered by Koha